| 000 | 00457cam a2200181 4500 | ||
|---|---|---|---|
| 001 | 24138 | ||
| 005 | 20230410143257.0 | ||
| 008 | 060907n2004 dr spa | ||
| 020 | _a840309261X | ||
| 035 | _9funglode24313 | ||
| 041 | _aES | ||
| 050 | 1 | 4 | _aLEWIS |
| 100 | 1 |
_aSavater, Fernando, _d1947- |
|
| 245 | 1 | 3 |
_aEl gran fraude / _cFernando Savater |
| 260 |
_aMadrid : _bSantillana Ediciones Generales, _c2004 |
||
| 300 | _a247 p. | ||
| 942 |
_2lcc _cbk |
||
| 999 |
_c98614 _d98614 |
||